Traduction de Vocabulaire en Anglais - Forêt - Statistiques

Statistiques générales
  • Ce quiz a été pris 84 fois
  • Le résultat moyen est 6 sur 20
Statistiques - réponses
Français Anglais % Correct
Ours B{ear}
100%
Papillon B{utterfly}
100%
Oiseaux B{ird}
95%
Loup W{olf}
92%
Fleurs F{lower}
91%
Mouche F{ly}
89%
Abeille B{ee}
88%
Arbre T{ree}
85%
Hibou O{wl}
83%
Sapin P{ine} {tree}
83%
Bois W{ood}
83%
Fourmi A{nt}
78%
Renard F{ox}
75%
Chouette O{wl}
75%
Flore F{lora}
58%
Moustique M{osquito}
57%
Sauterelle G{rasshopper}
50%
Cascade W{aterfall}
50%
Pâquerette D{aisy}
46%
Marguerite D{aisy}
44%
Coccinelle L{adybug}
44%
Biche D{eer}
38%
Insecte B{ug}
33%
Jacinthe H{yacinth}
33%
Chêne O{ak}
33%
Libellule D{ragonfly}
31%
Plume F{eather}
31%
Arbuste B{ush}
29%
Moineau S{parrow}
27%
Guêpe W{asp}
27%
Pic W{oodpecker}
27%
Sanglier B{oar}
25%
Muguet L{ily} o{f} t{he} v{alley}
25%
Bouleau B{irch}
23%
Geai J{ay}
23%
Faucon H{awk}
20%
Érable M{aple} {tree}
20%
Tronc T{runk}
20%
Branche B{ranch}
19%
Lièvre H{are}
19%
Scarabée B{eetle}
18%
Merle B{lackbird}
17%
Lierre I{vy}
14%
Souche S{tump}
14%
Jonquille D{affodil}
13%
Faune F{auna}
13%
Criquet G{rasshopper}
13%
Buse B{uzzard}
12%
Nid N{est}
11%
Houx H{olly}
10%
Mésange T{it}
10%
Cerf S{tag}
9%
Brindille T{wig}
9%
Rouge-gorge R{obin}
8%
Sous-bois U{ndergrowth}
8%
Belette W{easel}
8%
Clairière C{learing}
7%
Hêtre B{eech}
0%
Ronce B{ramble}
0%
Fougère F{lern}
0%
Chemin L{ane}
0%
Mousse M{loss}
0%
Sentier P{ath}
0%
Galet P{ebble}
0%
Mare P{ond}
0%
Chevreuil R{oe}
0%
Mammifère S{late}
0%
Source S{pring}
0%
Ruisseau S{team}
0%
Hermine S{toat}
0%
Châtaignier S{weet} {chestnut}
0%
Empreinte T{rack}
0%
Aucun quiz correspondant
Distribution des résultats
% des personnes avec chaque résultat
Percentile par nombre de réponses
Votre historique - résultats
Vous n’avez pas pris ce quiz